|
|
|
|
| LEADER |
01213nam a22002297a 4500 |
| 001 |
AAL7487 |
| 003 |
BD-DhAAL |
| 005 |
20190418114659.0 |
| 008 |
160206m20101998bg a|||| |||| 00| 0 ben d |
| 999 |
|
|
|c 36775
|d 36775
|
| 040 |
|
|
|a BD-DhAAL
|c BD-DhAAL
|
| 082 |
|
|
|a 891.44371
|2 22
|
| 100 |
|
|
|a মল্লবর্মণ, অদ্বৈত
|9 17747
|
| 245 |
|
|
|a তিতাস একটি নদীর নাম /
|c অদ্বৈত মল্লবর্মণ
|
| 260 |
|
|
|a ঢাকা :
|b হাসান বুক হাউস,
|c ২০১০.
|
| 300 |
|
|
|a ১৯১ পৃ. :
|b চিত্র ;
|c ২২ সে.মি.
|
| 541 |
|
|
|e 7487
|
| 651 |
|
|
|a Bangladesh
|v fiction.
|9 17750
|
| 942 |
|
|
|2 ddc
|c BK
|
| 952 |
|
|
|0 0
|1 0
|2 ddc
|4 0
|6 891_443710000000000_MOL
|7 0
|9 57970
|a SCL
|b SCL
|c GEN
|d 2016-02-10
|g 45.00
|l 4
|m 2
|o 891.44371 MOL
|p 3020007485
|r 2023-10-10
|s 2023-09-26
|t 1
|w 2016-02-10
|y BK
|
| 952 |
|
|
|0 0
|1 0
|2 ddc
|4 0
|6 891_443710000000000_MOL
|7 0
|9 57971
|a SCL
|b SCL
|c GEN
|d 2016-02-10
|g 45.00
|l 5
|m 6
|o 891.44371 MOL
|p 3020007484
|r 2019-07-02
|s 2019-06-19
|t 2
|w 2016-02-10
|y BK
|
| 952 |
|
|
|0 0
|1 0
|2 ddc
|4 0
|6 891_443710000000000_MOL
|7 0
|9 57972
|a SCL
|b SCL
|c GEN
|d 2016-02-10
|g 45.00
|l 4
|m 4
|o 891.44371 MOL
|p 3020007487
|r 2025-04-20
|s 2025-04-12
|t 3
|w 2016-02-10
|y BK
|